Estatísticas para Países mais próximos de Uzbequistão

Clique aqui para jogar o quiz

Estatísticas Gerais

  • Esse quiz foi jogado 34 vezes
  • A pontuação média é 16 de 20

Estatísticas das Respostas

kmpaís% Correto
108China
89%
329Irão
89%
524Rússia
89%
0Tajiquistão
89%
0Turquemenistão
89%
0Afeganistão
86%
821Armênia
86%
484Azerbaijão
86%
0Cazaquistão
86%
617Índia
86%
330Paquistão
86%
0Quirguistão
86%
1039Iraque
82%
774Geórgia
75%
1466Nepal
75%
1260Síria
75%
1517Mongólia
71%
964Turquia
68%
1442Kuweit
54%
1543Omã
36%

Distribuição das Pontuações

Percentil de Números Respondidos

Porcentagem de Pessoas com Cada Pontuação

Sua Pontuação Histórica

Você não jogou esse quiz